Statistics for Borussia Dortmund Current Squad

Click here to take the quiz!

General Stats

  • This quiz has been taken 858 times
    (338 since last reset)
  • The average score is 17 of 32

Answer Stats

#Player% Correct
1Gregor Kobel
96%
11Marco Reus
94%
15Mats Hummels
89%
19Julian Brandt
81%
25Niklas Süle
81%
4Nico Schlotterbeck
77%
9Sébastien Haller
77%
27Karim Adeyemi
74%
23Emre Can
73%
21Donyell Malen
68%
18Youssoufa Moukoko
63%
Head CoachEdin Terzić
60%
17Marius Wolf
60%
26Julian Ryerson
58%
7Giovanni Reyna
57%
6Salih Özcan
56%
8Felix Nmecha
54%
33Alexander Mayer
51%
43Jamie Bynoe-Gittens
51%
5Ramy Bensebaini
50%
24Thomas Meunier
47%
2Mateu Morey
45%
10Thorgan Hazard
45%
16Julien Duranville
34%
14Nico Schulz
33%
35Marcel Lotka
32%
44Soumaila Coulibaly
30%
32Abdoulaye Kamara
23%
47Antonios Papadopoulos
21%
30Ole Pohlmann
20%
36Tom Rothe
19%
42Götkan Gürpüz
7%

Score Distribution

Percentile by Number Answered

Percent of People with Each Score

Your Score History

You have not taken this quiz since the last reset